000 00911nam a2200265Ia 4500
003 OSt
005 20221005105739.0
006 a|||||r|||| 00| 0
007 ta
008 221004b |||||||| |||| 00| 0 hin d
020 _a9789382842522 (hbk)
_c400
024 _a23499
037 _b224, 16/11/2015, Eastern Book Linkers
_cTextual
040 _aCRL
_cCRL
_bhin
041 _2hin
_ahin
082 _aQ41, 152P6
100 _aरमेश प्रसाद
245 0 _aथेरवाद साहित्य
_b एक परिचय
246 _aTheravād sāhitya: ek parichaya
260 _aनई दिल्ली
_bसम्यक प्रकाशन भारत
_c2013
300 _a210पृ0
_ccm.
650 _aधर्म
942 _hQ41, 152P6
_cTEXL
_2cc
999 _c1016785
_d1016785